000 00341pab a2200145 454500
008 180718b1987 xxu||||| |||| 00| 0 eng d
100 _aVohra, B.B.
245 _aA policy for water management
260 _c1987
300 _a19-20
362 _a4 Apr.
650 _aWater Utilization - Management
773 _aCommerce
909 _a20662
999 _c20662
_d20662